01267nam a22003497a 4500001000700000003000900007005001700016007000700033008002700040020001500067040002200082082002600104100002500130245016500155260004000320300003200360590002600392650003300418650003500451650003200486650003400518700004100552700001600593700003400609700002100643700002600664700002200690910004800712942001200760952013000772999001500902240032DO-SdBNP20240125094347.0240032160321b1978 sp 00| 0 spa d a9686024247 aBPMSUbspacBPMSU 4a649.1bB188t 19812221 aBallabriga, Ángel 10aTu hijo / cBenjamín Spock ; adaptación española por los doctores A. Ballabriga, J. Obiols ; ilustraciones de Dorothea Fox ; traducción por A. Torra. aMadrid : bEdiciones Daimon, c1981 a502 p. : b il. ; c20 cm.  aInventariado, 2024/VM 4aDesarrollo infantilvGuías 4aNiños xCuidado e higiene.  4aNutrición de lactantes.  4aDesarrollo infantil vGuías1 aSpock, Benjamind1903-1998tTu hijo 1 aObiols, J. 1 aFox, Dorotheaeilustraciones 12aObiols Vié, J.12aFox, Dorothea, eil. 12aTorra, A., etr.  aVMateo V./ Validado. Control de calidad MFF 2ddccBK 00102ddc40708CGaBPMETbBPMETd2016-03-21eFUNDIl0oBPMSU CG 649.1 B188t 1981pBPMSU16030229r2016-03-21w2016-03-21yBK c9351d9351